Ngữ pháp tiếng Pháp
Salvato in:
| Autore principale: | |
|---|---|
| Natura: | Libro |
| Lingua: | Undetermined |
| Pubblicazione: |
Hà Nội
Giáo dục
1998
|
| Soggetti: | |
| Tags: |
Aggiungi Tag
Nessun Tag, puoi essere il primo ad aggiungerne! !
|
| Thư viện lưu trữ: | Trung tâm Học liệu Trường Đại học Cần Thơ |
|---|
| LEADER | 00560nam a2200205Ia 4500 | ||
|---|---|---|---|
| 001 | CTU_27702 | ||
| 008 | 210402s9999 xx 000 0 und d | ||
| 020 | |b 54000 | ||
| 082 | |a 445 | ||
| 082 | |b C107/1998 | ||
| 100 | |a Nguyễn, Ngọc Cảnh | ||
| 245 | 0 | |a Ngữ pháp tiếng Pháp | |
| 245 | 0 | |c Nguyễn Ngọc Cảnh | |
| 260 | |a Hà Nội | ||
| 260 | |b Giáo dục | ||
| 260 | |c 1998 | ||
| 650 | |a French language | ||
| 650 | |x Grammar - study and teaching | ||
| 904 | |i Minh | ||
| 980 | |a Trung tâm Học liệu Trường Đại học Cần Thơ | ||